Koncept špekulatívneho spôsobu financovania

Fungovanie a mechanizmus finančných trhov je v súčasnosti stimulovaný využívaním špekulatívneho spôsobu financovania. Charakteristika konceptu špekulatívneho spôsobu financovania a kategorizácia spôsobov financovania na finančných trhoch, ktorú rozpracoval americký ekonóm Hyman Minsky. Zaistené fina...

ver descrição completa

Na minha lista:
Detalhes bibliográficos
Autor principal: Drutarovská, Jana, 1989-
Formato: Capítulo de Livro
Idioma:eslovaco
Assuntos:
Tags: Adicionar Tag
Sem tags, seja o primeiro a adicionar uma tag!

MARC

LEADER 00000nla a2200000 4500
001 0180997
005 20240502073110.3
041 0 |a slo 
044 |a SK 
245 1 0 |a Koncept špekulatívneho spôsobu financovania  |c Jana Drutarovská 
520 |a Fungovanie a mechanizmus finančných trhov je v súčasnosti stimulovaný využívaním špekulatívneho spôsobu financovania. Charakteristika konceptu špekulatívneho spôsobu financovania a kategorizácia spôsobov financovania na finančných trhoch, ktorú rozpracoval americký ekonóm Hyman Minsky. Zaistené financovanie, Ponziho financovanie, špekulatívne financovanie. 
610 2 0 |a trh finančný 
610 2 0 |a špekulácie 
610 2 0 |a hedging 
610 2 0 |a stabilizácia hospodárstva 
610 2 0 |a stabilita finančná 
610 2 0 |a kríza finančná 
100 1 |a Drutarovská, Jana, 1989-